000 00255nam a2200097Ia 4500
008 220204s9999 xx 000 0 und d
082 _a621.3(035)
_bTAM
245 0 _aPower engineering handbook
260 _aMadras
_bTamil Nadu Electricity Board
942 _cBK
999 _c28687
_d28687